| 000 | 00555nam a2200193 a 4500 | ||
|---|---|---|---|
| 001 | 3432 | ||
| 005 | 20140414131923.0 | ||
| 008 | 060327s19uu xx 00 eng d | ||
| 020 | _a0-86227-544-X | ||
| 050 |
_aER _bSi6 1988 |
||
| 100 | _aMcKie, Anne | ||
| 245 |
_aSinbad : _band the three little pigs / _cadapted by Ken McKie ; illustrated by Ken McKie. |
||
| 260 |
_aLondon : _bGrandreams, _c1988. |
||
| 300 | _a1 v. (unp.) : ill. ; cm. | ||
| 440 | _aTwo Well Love Tales | ||
| 650 | _aFairy tales. | ||
| 650 | _aChildren stories. | ||
| 999 |
_c111888 _d111888 |
||